American novelists of today.

Bibliographic Details
Main Author: Warfel, Harry R. (Harry Redcay), 1899-1971
Format: Book
Language:English
Published: New York : American Book Co., [1951]
Subjects:

MARC

Tag First Indicator Second Indicator Subfields
LEADER 00000cam a2200000 4500
001 in00000025407
005 20151007062428.0
008 721010s1951 nyuc 00000 eng u
010 |a  51010144  
035 |a (OCoLC)00424781 
035 |9 AAD4865AM 
040 |c HEI  |d TXA  |d UtOrBLW 
049 |a TXAM  |c 1 [187952]  |c 2 [187953] 
050 0 |a PS379  |b .W3 
082 0 |a 813.509 
092 |a 813.09  |b W274a 
100 1 |a Warfel, Harry R.  |q (Harry Redcay),  |d 1899-1971. 
245 1 0 |a American novelists of today. 
264 1 |a New York :  |b American Book Co.,  |c [1951] 
300 |a vii, 478 pages :  |b portraits ;  |c 25 cm. 
336 |a text  |b txt  |2 rdacontent 
337 |a unmediated  |b n  |2 rdamedia 
338 |a volume  |b nc  |2 rdacarrier 
650 0 |a American fiction  |y 20th century  |x History and criticism. 
999 |a MARS 
999 f f |s 6040c32c-d8be-31ff-add3-18f6582467a7  |i 57156e0b-79ef-3779-b3c2-acc896636bb6  |t 0 
952 f f |p ric  |a Texas A&M University  |b Rellis Campus  |c Joint Library Facility  |d Remote Storage  |t 0  |e PS379 .W3  |h Library of Congress classification  |i unmediated -- volume  |m A14801257097 
998 f f |a PS379 .W3  |t 0  |l Remote Storage